Score 0/28 Timer 05:00
0 Plays Today
Eyes! Words/Phrases/Titles % Correct
___ Eyed ___Black Eyed Peas
97.5%
___eyePopeye
92.3%
Eye ___ ___ ___Eye of the beholder
84.2%
Eye ___ ___ ___Eye of the Tiger
81.8%
___ eyePrivate eye
80.7%
___EyeGoldenEye
73.1%
___ eyesSnake eyes
72.5%
___ eyeRed eye
70.5%
___eyeHawkeye
68.2%
___ ___ ___ eyesWhites of their eyes
66.7%
___ Eye ___Rapid Eye Movement
66.3%
___eyeBuckeye
65.1%
___-eye ___Bird's-eye view
64%
Eyes ___ ___Eyes Wide Shut
56.9%
Eyes! Words/Phrases/Titles % Correct
Eye ___Eye patch
55.2%
___ ___ ___ EyesThe Hills Have Eyes
47.6%
___ Eye ___Third Eye Blind
45.4%
___ ___ Eyes ___For Your Eyes Only
44%
___-EyeMad-Eye
39.8%
___ EyeLeft Eye
38%
___ ___ EyesBette Davis Eyes
36.1%
___ EyesLyin' Eyes
23.4%
___ ___ EyesIn Your Eyes
20.8%
___-Eyed ___Cotton-Eyed Joe
18%
Eyes ___ ___ ___Eyes Without a Face
13.4%
___ EyesBright Eyes
12.5%
___ ___ EyesPale Blue Eyes
3.4%
___ EyesHaddocks' Eyes
1%

Today's Daily Dose

You're not logged in!

Compare scores with friends on all Sporcle quizzes.
OR
Log In

Sporcle TV

Today on Sporcle TV


Watch our educational content, quiz creation guides, and fun videos on Sporcle TV.

Show Comments

Extras

Top Quizzes Today


Score Distribution

Your Account Isn't Verified!

In order to create a playlist on Sporcle, you need to verify the email address you used during registration. Go to your Sporcle Settings to finish the process.

Report this User

Report this user for behavior that violates our Community Guidelines.

Details: